[Event "DEM U12 2023"]
[Site "Willingen GER"]
[Date "2023.06.01"]
[Round "7"]
[White "Schmitz, Constantin"]
[Black "Gavrylyuk, Oleksandr"]
[Result "1-0"]
[Termination "normal"]
[Board "19"]
[WhiteElo "1577"]
[BlackElo "1226"]
[WhiteClock "00:00:49"]
[BlackClock "00:46:44"]
[PlyCount "99"]
[WhiteFideId "16274660"]
[BlackFideId "34609083"]
[EventCountry "GER"]
[EventRounds "9"]
[EventType "swiss"]
[EventDate "2023.05.27"]

1. d4 {[%clk 01:30:52]} {[%emt 00:00:07]} d5 {[%clk 01:30:54]} {[%emt
00:00:07]} 2. c4 {[%clk 01:31:06]} {[%emt 00:00:17]} c6 {[%clk 01:31:13]}
{[%emt 00:00:10]} 3. Nc3 {[%clk 01:30:57]} {[%emt 00:00:39]} Nf6 {[%clk
01:31:35]} {[%emt 00:00:07]} 4. Nf3 {[%clk 01:30:21]} {[%emt 00:01:06]} e6
{[%clk 01:31:45]} {[%emt 00:00:20]} 5. Bg5 {[%clk 01:28:49]} {[%emt 00:02:03]}
Be7 {[%clk 01:31:59]} {[%emt 00:00:15]} 6. e3 {[%clk 01:26:54]} {[%emt
00:02:25]} Nbd7 {[%clk 01:30:35]} {[%emt 00:01:51]} 7. Bd3 {[%clk 01:24:09]}
{[%emt 00:03:18]} dxc4 {[%clk 01:30:20]} {[%emt 00:00:44]} 8. Bxc4 {[%clk
01:24:32]} {[%emt 00:00:09]} b5 {[%clk 01:30:19]} {[%emt 00:00:30]} 9. Be2
{[%clk 01:24:10]} {[%emt 00:00:52]} Bb7 {[%clk 01:29:09]} {[%emt 00:01:38]} 10.
O-O {[%clk 01:22:10]} {[%emt 00:02:32]} O-O {[%clk 01:29:24]} {[%emt 00:00:14]}
11. Rc1 {[%clk 01:17:00]} {[%emt 00:05:41]} h6 {[%clk 01:27:58]} {[%emt
00:01:56]} 12. Bh4 {[%clk 01:16:52]} {[%emt 00:00:38]} a6 {[%clk 01:27:19]}
{[%emt 00:01:10]} 13. a3 {[%clk 01:15:07]} {[%emt 00:02:15]} Rc8 {[%clk
01:27:10]} {[%emt 00:00:34]} 14. b4 {[%clk 01:14:26]} {[%emt 00:01:16]} a5
{[%clk 01:25:30]} {[%emt 00:02:08]} 15. Qb3 {[%clk 01:11:50]} {[%emt 00:03:07]}
a4 {[%clk 01:25:23]} {[%emt 00:00:38]} 16. Qd1 {[%clk 01:09:18]} {[%emt
00:03:00]} Re8 {[%clk 01:24:04]} {[%emt 00:01:50]} 17. h3 {[%clk 01:09:08]}
{[%emt 00:00:40]} Nd5 {[%clk 01:21:15]} {[%emt 00:03:19]} 18. Bg3 {[%clk
01:07:36]} {[%emt 00:02:00]} N7f6 {[%clk 01:19:14]} {[%emt 00:02:33]} 19. Qd2
{[%clk 01:01:05]} {[%emt 00:07:01]} Nxc3 {[%clk 01:17:15]} {[%emt 00:02:30]}
20. Qxc3 {[%clk 00:59:55]} {[%emt 00:01:41]} Ne4 {[%clk 01:17:27]} {[%emt
00:00:17]} 21. Qd3 {[%clk 00:59:53]} {[%emt 00:00:30]} Nxg3 {[%clk 01:17:36]}
{[%emt 00:00:23]} 22. fxg3 {[%emt 00:01:33]} Qd6 {[%clk 01:15:53]} {[%emt
00:00:41]} 23. g4 {[%clk 00:57:00]} {[%emt 00:03:51]} Red8 {[%clk 01:10:04]}
{[%emt 00:06:19]} 24. Nd2 {[%clk 00:49:10]} {[%emt 00:08:21]} Ra8 {[%clk
01:07:00]} {[%emt 00:03:34]} 25. Ne4 {[%clk 00:46:34]} {[%emt 00:03:06]} Qd5
{[%clk 01:04:27]} {[%emt 00:03:02]} 26. Bf3 {[%clk 00:42:34]} {[%emt 00:04:29]}
Qd7 {[%clk 01:02:10]} {[%emt 00:02:46]} 27. Nc5 {[%clk 00:38:01]} {[%emt
00:05:00]} Bxc5 {[%clk 01:01:34]} {[%emt 00:01:10]} 28. Rxc5 {[%clk 00:37:32]}
{[%emt 00:01:00]} Rac8 {[%clk 01:01:05]} {[%emt 00:00:59]} 29. g5 {[%clk
00:35:15]} {[%emt 00:02:46]} hxg5 {[%clk 00:59:07]} {[%emt 00:02:28]} 30. Rxg5
{[%clk 00:35:27]} {[%emt 00:00:18]} Qe7 {[%clk 00:59:04]} {[%emt 00:00:32]} 31.
Rh5 {[%clk 00:29:36]} {[%emt 00:06:22]} g6 {[%clk 00:58:45]} {[%emt 00:00:48]}
32. Rc5 {[%emt 00:03:44]} e5 {[%clk 00:56:09]} {[%emt 00:03:05]} 33. Qe4 {[%clk
00:26:41]} {[%emt 00:00:14]} Rd5 {[%clk 00:54:27]} {[%emt 00:02:10]} 34. Rfc1
{[%clk 00:22:42]} {[%emt 00:04:31]} Rxc5 {[%emt 00:00:58]} 35. Rxc5 {[%clk
00:23:07]} {[%emt 00:00:01]} Qe6 {[%clk 00:52:48]} {[%emt 00:01:43]} 36. Rxe5
{[%clk 00:21:50]} {[%emt 00:01:48]} Qb3 {[%clk 00:51:48]} {[%emt 00:01:29]} 37.
Re7 {[%clk 00:21:46]} {[%emt 00:00:35]} Qxa3 {[%clk 00:51:04]} {[%emt
00:01:14]} 38. Rxb7 {[%clk 00:21:46]} {[%emt 00:00:30]} Qc1+ {[%clk 00:51:28]}
{[%emt 00:00:06]} 39. Kh2 {[%clk 00:22:06]} {[%emt 00:00:10]} a3 {[%clk
00:51:26]} {[%emt 00:00:32]} 40. Ra7 {[%clk 00:20:17]} {[%emt 00:02:18]} Qc3
{[%clk 00:49:30]} {[%emt 00:02:26]} 41. h4 {[%clk 00:17:33]} {[%emt 00:03:15]}
Qb3 {[%clk 00:49:33]} {[%emt 00:00:27]} 42. h5 {[%clk 00:15:42]} {[%emt
00:02:21]} gxh5 {[%clk 00:49:22]} {[%emt 00:00:40]} 43. Bxh5 {[%clk 00:15:30]}
{[%emt 00:00:42]} Rf8 {[%clk 00:49:05]} {[%emt 00:00:48]} 44. Re7 {[%clk
00:12:44]} {[%emt 00:03:16]} a2 {[%clk 00:49:11]} {[%emt 00:00:25]} 45. Re5
{[%clk 00:10:26]} {[%emt 00:02:47]} a1=Q {[%clk 00:49:02]} {[%emt 00:00:39]}
46. Rg5+ {[%clk 00:05:16]} {[%emt 00:05:40]} Kh8 {[%clk 00:49:03]} {[%emt
00:00:28]} 47. Qh4 {[%clk 00:00:55]} {[%emt 00:04:52]} Qbb1 {[%clk 00:46:21]}
{[%emt 00:03:11]} 48. Bg6+ {[%clk 00:00:52]} {[%emt 00:00:34]} Kg7 {[%clk
00:46:26]} {[%emt 00:00:24]} 49. Bxb1+ {[%clk 00:01:09]} {[%emt 00:00:14]} Kf6
{[%clk 00:46:44]} {[%emt 00:00:10]} 50. Rg8+ {[%clk 00:00:49]} {[%emt
00:00:51]} 1-0

[Event "DEM U12 2023"]
[Site "Willingen GER"]
[Date "2023.06.01"]
[Round "7"]
[White "Zimmer, Tim"]
[Black "Iachanou, Daniel"]
[Result "1-0"]
[Termination "normal"]
[Board "20"]
[WhiteElo "1258"]
[BlackElo "1532"]
[WhiteClock "00:43:44"]
[BlackClock "01:09:11"]
[PlyCount "49"]
[WhiteFideId "34603115"]
[BlackFideId "34639403"]
[EventCountry "GER"]
[EventRounds "9"]
[EventType "swiss"]
[EventDate "2023.05.27"]

1. e4 {[%clk 01:30:49]} {[%emt 00:00:10]} c5 {[%clk 01:30:52]} {[%emt
00:00:09]} 2. Nf3 {[%clk 01:31:12]} {[%emt 00:00:07]} e6 {[%clk 01:31:17]}
{[%emt 00:00:06]} 3. d4 {[%clk 01:31:37]} {[%emt 00:00:04]} cxd4 {[%clk
01:31:44]} {[%emt 00:00:03]} 4. Nxd4 {[%clk 01:31:51]} {[%emt 00:00:16]} Nc6
{[%clk 01:32:11]} {[%emt 00:00:04]} 5. Nc3 {[%clk 01:32:04]} {[%emt 00:00:17]}
Qc7 {[%clk 01:32:36]} {[%emt 00:00:04]} 6. Qd3 {[%clk 01:32:22]} {[%emt
00:00:11]} a6 {[%clk 01:31:31]} {[%emt 00:01:35]} 7. Nxc6 {[%clk 01:30:09]}
{[%emt 00:02:42]} dxc6 {[%clk 01:30:15]} {[%emt 00:01:47]} 8. Qg3 {[%clk
01:29:35]} {[%emt 00:01:02]} Qxg3 {[%clk 01:29:39]} {[%emt 00:01:08]} 9. hxg3
{[%clk 01:29:55]} {[%emt 00:00:09]} Nf6 {[%clk 01:29:48]} {[%emt 00:00:21]} 10.
e5 {[%clk 01:20:16]} {[%emt 00:10:10]} Nd5 {[%clk 01:30:10]} {[%emt 00:00:08]}
11. Bd2 {[%clk 01:18:41]} {[%emt 00:02:05]} Bc5 {[%clk 01:29:38]} {[%emt
00:00:59]} 12. Ne4 {[%clk 01:15:06]} {[%emt 00:04:08]} Bd4 {[%clk 01:26:42]}
{[%emt 00:03:26]} 13. Nd6+ {[%clk 01:11:53]} {[%emt 00:03:42]} Ke7 {[%clk
01:26:57]} {[%emt 00:00:15]} 14. f4 {[%clk 01:11:37]} {[%emt 00:00:46]} f6
{[%clk 01:22:02]} {[%emt 00:05:26]} 15. c3 {[%clk 01:05:30]} {[%emt 00:06:36]}
Bb6 {[%clk 01:20:05]} {[%emt 00:02:27]} 16. Bd3 {[%clk 00:58:00]} {[%emt
00:08:01]} fxe5 {[%clk 01:17:13]} {[%emt 00:03:22]} 17. fxe5 {[%clk 00:57:41]}
{[%emt 00:00:49]} h6 {[%clk 01:17:25]} {[%emt 00:00:18]} 18. O-O-O {[%clk
00:54:52]} {[%emt 00:03:19]} Bc7 {[%clk 01:14:13]} {[%emt 00:03:41]} 19. c4
{[%clk 00:49:32]} {[%emt 00:05:51]} Nb6 {[%clk 01:14:05]} {[%emt 00:00:38]} 20.
Rhf1 {[%clk 00:45:38]} {[%emt 00:04:24]} Bxd6 {[%clk 01:11:10]} {[%emt
00:03:25]} 21. exd6+ {[%clk 00:45:13]} {[%emt 00:00:54]} Kxd6 {[%clk 01:09:10]}
{[%emt 00:02:30]} 22. c5+ {[%clk 00:43:34]} {[%emt 00:02:10]} Kxc5 {[%clk
01:08:26]} {[%emt 00:01:14]} 23. Be3+ {[%clk 00:43:56]} {[%emt 00:00:08]} Kd6
{[%clk 01:08:47]} {[%emt 00:00:08]} 24. Bxb6 {[%clk 00:43:54]} {[%emt
00:00:32]} Ke7 {[%clk 01:09:11]} {[%emt 00:00:07]} 25. Bc5+ {[%clk 00:43:44]}
{[%emt 00:00:39]} 1-0

[Event "DEM U12 2023"]
[Site "Willingen GER"]
[Date "2023.06.01"]
[Round "7"]
[White "Aweh, Mads"]
[Black "Dodul, Arthur"]
[Result "1/2-1/2"]
[Termination "normal"]
[Board "21"]
[WhiteElo "1429"]
[BlackElo "1613"]
[WhiteClock "00:25:14"]
[BlackClock "00:19:56"]
[PlyCount "46"]
[WhiteFideId "34604278"]
[BlackFideId "34609016"]
[EventCountry "GER"]
[EventRounds "9"]
[EventType "swiss"]
[EventDate "2023.05.27"]

1. e4 {[%clk 01:30:57]} {[%emt 00:00:02]} c5 {[%clk 01:30:48]} {[%emt
00:00:13]} 2. d4 {[%clk 01:31:13]} {[%emt 00:00:14]} cxd4 {[%clk 01:29:36]}
{[%emt 00:01:42]} 3. c3 {[%clk 01:31:36]} {[%emt 00:00:08]} dxc3 {[%clk
01:28:05]} {[%emt 00:02:00]} 4. Nxc3 {[%clk 01:31:59]} {[%emt 00:00:08]} Nc6
{[%clk 01:25:35]} {[%emt 00:03:00]} 5. Nf3 {[%clk 01:32:23]} {[%emt 00:00:05]}
e6 {[%clk 01:22:41]} {[%emt 00:03:24]} 6. Bc4 {[%clk 01:32:22]} {[%emt
00:00:32]} Bb4 {[%clk 01:21:08]} {[%emt 00:02:02]} 7. O-O {[%clk 01:25:56]}
{[%emt 00:06:56]} Nge7 {[%clk 01:18:50]} {[%emt 00:02:47]} 8. Qb3 {[%clk
01:18:02]} {[%emt 00:08:25]} O-O {[%clk 01:13:35]} {[%emt 00:05:45]} 9. Bg5
{[%clk 01:09:31]} {[%emt 00:09:02]} f6 {[%clk 01:12:35]} {[%emt 00:01:30]} 10.
Be3 {[%clk 01:05:20]} {[%emt 00:04:40]} Ng6 {[%clk 01:09:08]} {[%emt 00:03:58]}
11. Rfd1 {[%clk 01:04:38]} {[%emt 00:01:12]} Qe7 {[%clk 01:08:12]} {[%emt
00:01:24]} 12. a3 {[%clk 01:01:21]} {[%emt 00:03:48]} Bc5 {[%clk 01:01:15]}
{[%emt 00:07:24]} 13. Bxc5 {[%clk 00:58:44]} {[%emt 00:03:09]} Qxc5 {[%clk
01:01:34]} {[%emt 00:00:10]} 14. Qa2 {[%clk 00:55:28]} {[%emt 00:03:48]} Qh5
{[%clk 00:59:22]} {[%emt 00:02:38]} 15. Nb5 {[%clk 00:53:27]} {[%emt 00:02:35]}
Nce5 {[%clk 00:55:55]} {[%emt 00:03:57]} 16. Nxe5 {[%clk 00:53:07]} {[%emt
00:00:50]} fxe5 {[%clk 00:51:07]} {[%emt 00:05:18]} 17. b3 {[%clk 00:45:57]}
{[%emt 00:07:41]} Nf4 {[%clk 00:41:34]} {[%emt 00:10:03]} 18. f3 {[%clk
00:38:54]} {[%emt 00:07:33]} Rf6 {[%clk 00:40:00]} {[%emt 00:02:03]} 19. Bf1
{[%clk 00:37:24]} {[%emt 00:02:01]} Rh6 {[%clk 00:34:26]} {[%emt 00:06:04]} 20.
h3 {[%clk 00:30:18]} {[%emt 00:07:36]} Rg6 {[%clk 00:32:33]} {[%emt 00:02:23]}
21. g4 {[%clk 00:26:32]} {[%emt 00:04:17]} Nxh3+ {[%clk 00:29:06]} {[%emt
00:03:57]} 22. Kh2 {[%clk 00:25:51]} {[%emt 00:01:11]} Ng5+ {[%clk 00:19:48]}
{[%emt 00:09:47]} 23. gxh5 {[%clk 00:25:14]} {[%emt 00:01:08]} Nxf3+ {[%clk
00:19:56]} {[%emt 00:00:21]} 1/2-1/2

[Event "DEM U12 2023"]
[Site "Willingen GER"]
[Date "2023.06.01"]
[Round "7"]
[White "Greive, Jakob"]
[Black "Sarian, David"]
[Result "1/2-1/2"]
[Termination "normal"]
[Board "22"]
[WhiteElo "1551"]
[BlackElo "1480"]
[WhiteClock "01:15:53"]
[BlackClock "01:16:11"]
[PlyCount "67"]
[WhiteFideId "34603476"]
[BlackFideId "34660275"]
[EventCountry "GER"]
[EventRounds "9"]
[EventType "swiss"]
[EventDate "2023.05.27"]

1. e4 {[%clk 01:30:57]} {[%emt 00:00:02]} e6 {[%clk 01:30:54]} {[%emt
00:00:06]} 2. d4 {[%clk 01:31:23]} {[%emt 00:00:04]} d5 {[%clk 01:31:20]}
{[%emt 00:00:04]} 3. exd5 {[%clk 01:31:43]} {[%emt 00:00:10]} exd5 {[%clk
01:31:46]} {[%emt 00:00:04]} 4. Bd3 {[%clk 01:32:05]} {[%emt 00:00:08]} Nc6
{[%clk 01:31:57]} {[%emt 00:00:18]} 5. c3 {[%clk 01:32:29]} {[%emt 00:00:06]}
Bd6 {[%clk 01:31:30]} {[%emt 00:00:56]} 6. Nf3 {[%clk 01:32:42]} {[%emt
00:00:18]} Nge7 {[%clk 01:31:50]} {[%emt 00:00:09]} 7. Be3 {[%clk 01:32:26]}
{[%emt 00:00:47]} Bf5 {[%clk 01:32:05]} {[%emt 00:00:15]} 8. O-O {[%clk
01:32:19]} {[%emt 00:00:37]} O-O {[%clk 01:32:25]} {[%emt 00:00:10]} 9. Re1
{[%clk 01:31:03]} {[%emt 00:01:45]} Bxd3 {[%clk 01:32:46]} {[%emt 00:00:10]}
10. Qxd3 {[%clk 01:31:16]} {[%emt 00:00:17]} h6 {[%clk 01:32:13]} {[%emt
00:01:03]} 11. Nbd2 {[%clk 01:31:23]} {[%emt 00:00:23]} a6 {[%clk 01:31:57]}
{[%emt 00:00:47]} 12. Nf1 {[%clk 01:30:52]} {[%emt 00:00:59]} Qd7 {[%clk
01:29:10]} {[%emt 00:03:17]} 13. Ng3 {[%clk 01:29:39]} {[%emt 00:01:43]} Bxg3
{[%clk 01:29:32]} {[%emt 00:00:08]} 14. fxg3 {[%clk 01:29:53]} {[%emt
00:00:15]} Rfe8 {[%clk 01:29:18]} {[%emt 00:00:46]} 15. Bf4 {[%clk 01:29:04]}
{[%emt 00:01:17]} Ng6 {[%clk 01:24:01]} {[%emt 00:05:48]} 16. Rxe8+ {[%clk
01:28:00]} {[%emt 00:01:34]} Rxe8 {[%clk 01:24:23]} {[%emt 00:00:08]} 17. Rf1
{[%clk 01:26:00]} {[%emt 00:02:29]} Nce7 {[%clk 01:20:51]} {[%emt 00:04:02]}
18. Kf2 {[%clk 01:24:41]} {[%emt 00:01:50]} c6 {[%clk 01:17:48]} {[%emt
00:03:34]} 19. Re1 {[%clk 01:21:18]} {[%emt 00:03:52]} Kf8 {[%clk 01:15:29]}
{[%emt 00:02:49]} 20. Ne5 {[%clk 01:20:44]} {[%emt 00:01:04]} Nxe5 {[%clk
01:15:49]} {[%emt 00:00:09]} 21. Bxe5 {[%clk 01:20:36]} {[%emt 00:00:38]} Qf5+
{[%clk 01:14:52]} {[%emt 00:01:28]} 22. Qxf5 {[%clk 01:20:35]} {[%emt
00:00:31]} Nxf5 {[%clk 01:15:11]} {[%emt 00:00:12]} 23. g4 {[%clk 01:20:56]}
{[%emt 00:00:09]} Ne7 {[%clk 01:15:34]} {[%emt 00:00:06]} 24. Bd6 {[%clk
01:21:07]} {[%emt 00:00:20]} f6 {[%clk 01:15:54]} {[%emt 00:00:10]} 25. Kg3
{[%clk 01:20:59]} {[%emt 00:00:37]} Kf7 {[%clk 01:16:15]} {[%emt 00:00:09]} 26.
Bxe7 {[%clk 01:20:03]} {[%emt 00:01:24]} Rxe7 {[%clk 01:16:39]} {[%emt
00:00:08]} 27. Rxe7+ {[%clk 01:20:16]} {[%emt 00:00:13]} Kxe7 {[%clk 01:17:01]}
{[%emt 00:00:12]} 28. b4 {[%clk 01:20:14]} {[%emt 00:00:32]} g5 {[%clk
01:17:15]} {[%emt 00:00:16]} 29. a4 {[%clk 01:18:36]} {[%emt 00:02:08]} b6
{[%clk 01:17:40]} {[%emt 00:00:06]} 30. Kf3 {[%clk 01:18:10]} {[%emt 00:00:55]}
Kd6 {[%clk 01:17:59]} {[%emt 00:00:11]} 31. g3 {[%clk 01:18:00]} {[%emt
00:00:40]} c5 {[%clk 01:17:57]} {[%emt 00:00:33]} 32. b5 {[%clk 01:18:04]}
{[%emt 00:00:26]} a5 {[%clk 01:16:56]} {[%emt 00:01:30]} 33. h4 {[%clk
01:17:17]} {[%emt 00:01:16]} cxd4 {[%clk 01:16:11]} {[%emt 00:01:16]} 34. cxd4
{[%clk 01:15:53]} {[%emt 00:01:50]} 1/2-1/2

[Event "DEM U12 2023"]
[Site "Willingen GER"]
[Date "2023.06.01"]
[Round "7"]
[White "Wang, Kaiwen"]
[Black "Böhler, Yannic"]
[Result "1-0"]
[Termination "normal"]
[Board "23"]
[WhiteElo "1333"]
[BlackElo "1377"]
[WhiteClock "01:04:29"]
[BlackClock "00:29:34"]
[PlyCount "43"]
[WhiteFideId "16279514"]
[BlackFideId "34609059"]
[EventCountry "GER"]
[EventRounds "9"]
[EventType "swiss"]
[EventDate "2023.05.27"]

1. e4 {[%clk 01:30:58]} {[%emt 00:00:02]} c5 {[%clk 01:30:55]} {[%emt
00:00:06]} 2. Nf3 {[%clk 01:31:24]} {[%emt 00:00:04]} Nc6 {[%clk 01:31:22]}
{[%emt 00:00:03]} 3. d4 {[%clk 01:31:46]} {[%emt 00:00:08]} cxd4 {[%clk
01:31:48]} {[%emt 00:00:03]} 4. Nxd4 {[%clk 01:32:11]} {[%emt 00:00:05]} Nf6
{[%clk 01:32:16]} {[%emt 00:00:03]} 5. Nc3 {[%clk 01:32:34]} {[%emt 00:00:06]}
e6 {[%clk 01:32:40]} {[%emt 00:00:06]} 6. Ndb5 {[%clk 01:32:58]} {[%emt
00:00:07]} Bb4 {[%clk 01:33:05]} {[%emt 00:00:05]} 7. Nd6+ {[%clk 01:31:42]}
{[%emt 00:01:46]} Ke7 {[%clk 01:33:28]} {[%emt 00:00:08]} 8. Nxc8+ {[%clk
01:32:06]} {[%emt 00:00:06]} Rxc8 {[%clk 01:33:49]} {[%emt 00:00:08]} 9. Qd3
{[%clk 01:29:44]} {[%emt 00:02:47]} Re8 {[%clk 01:33:37]} {[%emt 00:00:48]} 10.
f4 {[%clk 01:28:33]} {[%emt 00:01:41]} Kf8 {[%clk 01:19:36]} {[%emt 00:14:31]}
11. Be2 {[%clk 01:25:59]} {[%emt 00:02:57]} Kg8 {[%clk 01:11:25]} {[%emt
00:08:48]} 12. O-O {[%clk 01:25:00]} {[%emt 00:01:29]} d5 {[%clk 01:09:27]}
{[%emt 00:02:28]} 13. e5 {[%clk 01:21:16]} {[%emt 00:04:15]} Nd7 {[%clk
01:09:13]} {[%emt 00:00:43]} 14. a3 {[%clk 01:20:26]} {[%emt 00:01:20]} Bc5+
{[%clk 01:03:37]} {[%emt 00:06:06]} 15. Kh1 {[%clk 01:20:43]} {[%emt 00:00:13]}
a6 {[%clk 01:03:06]} {[%emt 00:01:02]} 16. Bd2 {[%clk 01:16:32]} {[%emt
00:04:35]} b5 {[%clk 00:50:35]} {[%emt 00:13:06]} 17. Qh3 {[%clk 01:12:34]}
{[%emt 00:04:26]} f6 {[%clk 00:45:36]} {[%emt 00:05:32]} 18. Bd3 {[%clk
01:10:27]} {[%emt 00:02:37]} Nf8 {[%clk 00:45:56]} {[%emt 00:00:11]} 19. exf6
{[%clk 01:07:16]} {[%emt 00:03:41]} Qxf6 {[%clk 00:42:49]} {[%emt 00:03:36]}
20. f5 {[%clk 01:06:14]} {[%emt 00:01:32]} h6 {[%clk 00:36:04]} {[%emt
00:07:16]} 21. fxe6 {[%clk 01:04:17]} {[%emt 00:02:27]} Qxe6 {[%clk 00:29:34]}
{[%emt 00:06:58]} 22. Bf5 {[%clk 01:04:29]} {[%emt 00:00:18]} 1-0

[Event "DEM U12 2023"]
[Site "Willingen GER"]
[Date "2023.06.01"]
[Round "7"]
[White "Leonhardt, Max"]
[Black "Geschke, David"]
[Result "0-1"]
[Termination "normal"]
[Board "24"]
[WhiteElo "1232"]
[BlackElo "1458"]
[WhiteClock "00:38:14"]
[BlackClock "01:17:49"]
[PlyCount "48"]
[WhiteFideId "34623647"]
[BlackFideId "34619658"]
[EventCountry "GER"]
[EventRounds "9"]
[EventType "swiss"]
[EventDate "2023.05.27"]

1. d4 {[%clk 01:30:56]} {[%emt 00:00:04]} d5 {[%clk 01:30:49]} {[%emt
00:00:11]} 2. c4 {[%clk 01:31:03]} {[%emt 00:00:24]} e6 {[%clk 01:31:05]}
{[%emt 00:00:14]} 3. Nf3 {[%clk 01:31:18]} {[%emt 00:00:16]} Nf6 {[%clk
01:30:53]} {[%emt 00:00:41]} 4. Nc3 {[%clk 01:30:39]} {[%emt 00:01:09]} c6
{[%clk 01:30:15]} {[%emt 00:01:08]} 5. Bg5 {[%clk 01:30:51]} {[%emt 00:00:15]}
Nbd7 {[%clk 01:30:27]} {[%emt 00:00:22]} 6. e3 {[%clk 01:30:58]} {[%emt
00:00:22]} Qa5 {[%clk 01:30:22]} {[%emt 00:00:34]} 7. Bd3 {[%clk 01:29:15]}
{[%emt 00:02:13]} dxc4 {[%clk 01:30:28]} {[%emt 00:00:26]} 8. Bxc4 {[%clk
01:29:22]} {[%emt 00:00:22]} Ne4 {[%clk 01:30:13]} {[%emt 00:00:45]} 9. Bd3
{[%clk 01:28:30]} {[%emt 00:01:22]} Nxg5 {[%clk 01:30:18]} {[%emt 00:00:25]}
10. Nxg5 {[%clk 01:28:49]} {[%emt 00:00:10]} Qxg5 {[%clk 01:30:42]} {[%emt
00:00:07]} 11. Be4 {[%clk 01:02:38]} {[%emt 00:26:41]} Bb4 {[%clk 01:29:15]}
{[%emt 00:01:57]} 12. O-O {[%clk 01:02:54]} {[%emt 00:00:13]} Nf6 {[%clk
01:29:04]} {[%emt 00:00:40]} 13. Bf3 {[%clk 01:03:07]} {[%emt 00:00:19]} O-O
{[%clk 01:29:03]} {[%emt 00:00:30]} 14. Ne2 {[%clk 01:03:28]} {[%emt 00:00:10]}
e5 {[%clk 01:28:12]} {[%emt 00:01:17]} 15. dxe5 {[%clk 00:55:58]} {[%emt
00:08:04]} Qxe5 {[%clk 01:27:58]} {[%emt 00:00:43]} 16. Qb3 {[%clk 00:55:53]}
{[%emt 00:00:33]} Bd6 {[%clk 01:24:43]} {[%emt 00:03:45]} 17. g3 {[%clk
00:55:57]} {[%emt 00:00:28]} Rb8 {[%clk 01:24:08]} {[%emt 00:01:05]} 18. Bg2
{[%clk 00:56:18]} {[%emt 00:00:10]} Be6 {[%clk 01:24:21]} {[%emt 00:00:15]} 19.
Qc2 {[%clk 00:56:31]} {[%emt 00:00:20]} Bd5 {[%clk 01:23:19]} {[%emt 00:01:31]}
20. Bxd5 {[%clk 00:54:01]} {[%emt 00:01:33]} Nxd5 {[%clk 01:23:41]} {[%emt
00:01:36]} 21. h4 {[%clk 00:47:23]} {[%emt 00:07:09]} Rfe8 {[%clk 01:22:48]}
{[%emt 00:01:23]} 22. Kh2 {[%clk 00:44:59]} {[%emt 00:02:54]} Qe4 {[%clk
01:20:02]} {[%emt 00:03:03]} 23. Qd2 {[%clk 00:41:55]} {[%emt 00:03:47]} Qxh4+
{[%clk 01:18:39]} {[%emt 00:01:52]} 24. Kg1 {[%clk 00:38:14]} {[%emt 00:04:12]}
Qb4 {[%clk 01:17:49]} {[%emt 00:01:15]} 0-1

[Event "DEM U12 2023"]
[Site "Willingen GER"]
[Date "2023.06.01"]
[Round "7"]
[White "Tomi, Emilian"]
[Black "Spielvogel, Oliver"]
[Result "1-0"]
[Termination "normal"]
[Board "25"]
[WhiteElo "1552"]
[BlackElo "1304"]
[WhiteClock "01:20:11"]
[BlackClock "01:19:10"]
[PlyCount "35"]
[WhiteFideId "34651829"]
[BlackFideId "16296494"]
[EventCountry "GER"]
[EventRounds "9"]
[EventType "swiss"]
[EventDate "2023.05.27"]

1. e4 {[%emt 00:00:02]} c5 {[%clk 01:30:56]} {[%emt 00:00:03]} 2. Nf3 {[%clk
01:31:23]} {[%emt 00:00:05]} e6 {[%clk 01:31:21]} {[%emt 00:00:05]} 3. d4
{[%clk 01:31:49]} {[%emt 00:00:04]} cxd4 {[%clk 01:31:46]} {[%emt 00:00:05]} 4.
Nxd4 {[%clk 01:32:15]} {[%emt 00:00:04]} a6 {[%clk 01:32:13]} {[%emt 00:00:03]}
5. c4 {[%clk 01:32:39]} {[%emt 00:00:07]} d6 {[%clk 01:32:32]} {[%emt
00:00:11]} 6. Nc3 {[%clk 01:33:03]} {[%emt 00:00:06]} Nf6 {[%clk 01:32:54]}
{[%emt 00:00:08]} 7. Be3 {[%clk 01:33:23]} {[%emt 00:00:10]} Be7 {[%clk
01:33:17]} {[%emt 00:00:07]} 8. Be2 {[%clk 01:33:47]} {[%emt 00:00:06]} O-O
{[%clk 01:33:41]} {[%emt 00:00:06]} 9. O-O {[%clk 01:34:10]} {[%emt 00:00:08]}
b6 {[%clk 01:34:08]} {[%emt 00:00:03]} 10. f3 {[%clk 01:34:19]} {[%emt
00:00:20]} d5 {[%clk 01:33:31]} {[%emt 00:01:07]} 11. e5 {[%clk 01:28:00]}
{[%emt 00:06:50]} Nfd7 {[%clk 01:33:01]} {[%emt 00:01:00]} 12. f4 {[%clk
01:28:22]} {[%emt 00:00:08]} Bb7 {[%clk 01:32:54]} {[%emt 00:00:35]} 13. cxd5
{[%clk 01:27:51]} {[%emt 00:01:04]} exd5 {[%clk 01:33:03]} {[%emt 00:00:18]}
14. Bf3 {[%clk 01:28:12]} {[%emt 00:00:11]} Qc7 {[%clk 01:22:05]} {[%emt
00:11:29]} 15. Nxd5 {[%clk 01:26:37]} {[%emt 00:02:05]} Bxd5 {[%clk 01:22:09]}
{[%emt 00:00:25]} 16. Bxd5 {[%clk 01:27:01]} {[%emt 00:00:06]} Ra7 {[%clk
01:19:51]} {[%emt 00:02:49]} 17. e6 {[%clk 01:20:09]} {[%emt 00:07:22]} Qd6
{[%clk 01:19:10]} {[%emt 00:01:07]} 18. Nf5 {[%clk 01:20:11]} {[%emt 00:00:31]}
1-0